| 000 -LEADER |
| fixed length control field |
00832cam a2200253 4500 |
| 001 - CONTROL NUMBER |
| control field |
14560 |
| 003 - CONTROL NUMBER IDENTIFIER |
| control field |
BD-DhUAP |
| 005 - DATE AND TIME OF LATEST TRANSACTION |
| control field |
20210128105821.0 |
| 008 - FIXED-LENGTH DATA ELEMENTS--GENERAL INFORMATION |
| fixed length control field |
810107s1983 bg 001 0 eng |
| 010 ## - LIBRARY OF CONGRESS CONTROL NUMBER |
| LC control number |
80901576 |
| 040 ## - CATALOGING SOURCE |
| Original cataloging agency |
DLC |
| Transcribing agency |
DLC |
| Modifying agency |
BD-DhUAP |
| Language of cataloging |
eng |
| 082 00 - DEWEY DECIMAL CLASSIFICATION NUMBER |
| Classification number |
340.94 RAK |
| Edition number |
23 |
| 100 1# - MAIN ENTRY--PERSONAL NAME |
| Personal name |
Rakshit, Mridulkanti. |
| 245 14 - TITLE STATEMENT |
| Title |
The law of vested properties in Bangladesh : |
| Remainder of title |
a book on the conflict of laws ... / |
| Statement of responsibility, etc. |
by Mridulkanti Rakshit. |
| 250 ## - EDITION STATEMENT |
| Edition statement |
2nd ed. |
| 260 ## - PUBLICATION, DISTRIBUTION, ETC. |
| Place of publication, distribution, etc. |
Chittagong : |
| Name of publisher, distributor, etc. |
Sree Mridulkanti Rakshit, |
| Date of publication, distribution, etc. |
c1983. |
| 300 ## - PHYSICAL DESCRIPTION |
| Extent |
various pages ; |
| Dimensions |
23 cm. |
| 650 #0 - SUBJECT ADDED ENTRY--TOPICAL TERM |
| Topical term or geographic name entry element |
Alien property |
| General subdivision |
Law and legislation |
| Geographic subdivision |
Bangladesh. |
| 650 #0 - SUBJECT ADDED ENTRY--TOPICAL TERM |
| Topical term or geographic name entry element |
Abandonment of property |
| Geographic subdivision |
Bangladesh. |
| 650 #0 - SUBJECT ADDED ENTRY--TOPICAL TERM |
| Topical term or geographic name entry element |
Enemy property. |
| 650 #0 - SUBJECT ADDED ENTRY--TOPICAL TERM |
| Topical term or geographic name entry element |
Conflict of laws |
| General subdivision |
Property. |
| 710 1# - ADDED ENTRY--CORPORATE NAME |
| Corporate name or jurisdiction name as entry element |
Bangladesh. |
| Form subheading |
Laws, statutes, etc. |
| 942 ## - ADDED ENTRY ELEMENTS (KOHA) |
| Source of classification or shelving scheme |
|
| Koha item type |
Book |